Questions in machine construction and drawing. Stages 1, 2, and 3. For use of students preparing for engineering examinations, etc (Record no. 1892)

000 -LEADER
fixed length control field 00511nam a22001577a 4500
008 - FIXED-LENGTH DATA ELEMENTS--GENERAL INFORMATION
fixed length control field 200206b ||||| |||| 00| 0 eng d
082 00 - DEWEY DECIMAL CLASSIFICATION NUMBER
Classification number 621.81
Item number B4771
100 ## - MAIN ENTRY--PERSONAL NAME
9 (RLIN) 1493
Personal name Bentley, Wallace.
245 10 - TITLE STATEMENT
Title Questions in machine construction and drawing. Stages 1, 2, and 3. For use of students preparing for engineering examinations, etc
250 ## - EDITION STATEMENT
Edition statement 9th
260 ## - PUBLICATION, DISTRIBUTION, ETC. (IMPRINT)
Place of publication, distribution, etc Manchestar
Name of publisher, distributor, etc Bentley publication
Date of publication, distribution, etc 1943
300 ## - PHYSICAL DESCRIPTION
Extent 50p.
365 ## - TRADE PRICE
Unit of pricing 1.06
650 #0 - SUBJECT ADDED ENTRY--TOPICAL TERM
Topical term or geographic name as entry element Machine Drawing
942 ## - ADDED ENTRY ELEMENTS (KOHA)
Item type Books
Holdings
Withdrawn status Lost status Source of classification or shelving scheme Damaged status Not for loan Permanent location Current location Date acquired Source of acquisition Full call number Barcode Date last seen Koha item type
          IMU Kolkata IMU Kolkata 1953-03-12 A. H. Wheeler 621.81 B4771 01597 2020-02-06 Books
  Lost       IMU Kolkata IMU Kolkata 1953-03-12 A. H. Wheeler 621.81 B4771 01596 2020-07-24 Books
  Lost       IMU Kolkata IMU Kolkata 1953-03-12 A. H. Wheeler 621.81 B4771 01598 2020-07-24 Books
Designed and Maintained by IMU-KC Library, Kolkata Campus © Copyright All Rights Reserved

webs counters

Powered by Koha